| 000 | 00000nam##2200000za#4500 |
| 001 | 9.588032 |
| 003 | CaOODSP |
| 005 | 20210624194925 |
| 007 | cr ||||||||||| |
| 008 | 150406|2008||||xxc|||||o f|0| 0 fre|d |
| 022 | |a1701-1280 |
| 040 | |aCaOODSP|bfre |
| 041 | |aeng |
| 041 | |afre |
| 043 | |an-cn--- |
| 086 | 1 |aFs70-4/2008-018-PDF |
| 110 | 1 |aCanada. |bMinistère des pêches et des océans. |
| 245 | 10|aÉvaluation du potentiel de rétablissement de l'esturgeon jaune : populations des Grands Lacs – du haut Saint-Laurent : |h[ressource électronique]|bdu 5 au 7 novembre 2007, Sault Ste. Marie, On / |c[par] T.C. Pratt et L.M. O'Connor. |
| 260 | |aSault Ste. Marie - Ontario : |bPêches et Océans Canada |cOctobre 2008. |
| 300 | |a51p.|btableau |
| 490 | 1 |aSecrétariat canadien de consultation scientifique, série des comptes rendus|x1701-1280|v2008/018 |
| 590 | |a11-31-Supp|b2011-12-13 |
| 720 | 1 |aPratt, T. C. |
| 720 | 1 |aO'Connor, L.M. |
| 791 | |tRecovery potential assessment for lake sturgeon Great Lakes - Upper St. Lawrence River populations : |eeng|w(CaOODSP)9.588031 |
| 830 | #0|aCompte rendu (Secrétariat canadien de consultation scientifique)|x1701-1280|v2008/018|w(CaOODSP)9.500508 |
| 856 | 40|ahttp://publications.gc.ca|qPDF|s259 Ko|uhttps://publications.gc.ca/collections/collection_2011/mpo-dfo/Fs70-4-2008-018.pdf|y2008/018 |